Find the Odd One Out #2 - Statistics

General Stats
  • This quiz has been taken 33 times
  • The average score is 8 of 15
Answer Stats
Question Answer % Correct
Which of the following sports does NOT use a stick or bat? Rugby
90%
Which of the following cities has NOT hosted the Olympic Games? New York City
86%
Which of the following is NOT a type of fruit? Parsnip
83%
Which of the following elements is NOT a metal? Iodine
79%
Which of the following US states does NOT border at least two other states? Maine
72%
Which of the following celebrities is NOT female? Alice Cooper
69%
Which of the following animals is NOT a primate? Sloth
66%
Which of the following would you NOT find on a traditional full english breakfast? Yorkshire pudding
62%
Which of the following words is NOT a synonym of “redundant”? Didactic
59%
Which of the following Greek gods was NOT the child of Zeus? Aphrodite
38%
Which of the following does NOT have a lower density than water? Glass
34%
Which of the following movies does NOT feature Samuel L. Jackson? Lilo and Stitch
31%
Which of the following continents does NOT have a higher population than North America? South America
28%
Which of the following dog breeds are NOT considered ’brachycephalic’? Bull Terrier
21%
Which of the following creatures does NOT lay eggs? Anaconda
17%
No matching quizzes found
Score Distribution
Percent of People with Each Score
Percentile by Number Answered
Your Score History
You have not taken this quiz